All Lady A Songs - Statistics

General Stats
  • This quiz has been taken 13 times
    10 since last reset
  • The average score is 50 of 130
Answer Stats
Album Song % Correct
Need You Now American Honey
83%
Golden Downtown
83%
Golden Golden
83%
Lady Antebellum I Run to You
83%
Own the Night Just a Kiss
83%
Need You Now Need You Now
83%
Ocean Ocean
83%
747 Bartender
67%
Ocean Champagne Night
67%
Heart Break Heart Break
67%
Lady Antebellum Love Don't Live Here
67%
A Merry Little Christmas | On This Winter's Night On This Winter's Night
67%
Need You Now Our Kind of Love
67%
Own the Night We Owned the Night
67%
What a Song Can Do What a Song Can Do
67%
Heart Break You Look Good
67%
747 747
50%
On This Winter's Night A Holly Jolly Christmas
50%
Single Baby, It's Cold Outside
50%
Golden Better Man
50%
Golden Compass
50%
Own the Night Dancin' Away with My Heart
50%
Own the Night Friday Night
50%
A Merry Little Christmas Have Yourself a Merry Little Christmas
50%
Need You Now Hello World
50%
What a Song Can Do Like a Lady
50%
Lady Antebellum Lookin' for a Good Time
50%
Need You Now Perfect Day
50%
Ocean What If I Never Get Over You
50%
Golden All for Love
33%
A Merry Little Christmas All I Want for Christmas Is You
33%
747 All Nighter
33%
Lady Antebellum All We'd Ever Need
33%
Ocean Alright
33%
Golden And the Radio Played
33%
Heart Break Army
33%
Own the Night As You Turn Away
33%
Ocean Be Patient with My Love
33%
What a Song Can Do Be That for You
33%
Golden Better Off Now (That You're Gone)
33%
Heart Break Big Love in a Small Town
33%
A Merry Little Christmas Blue Christmas
33%
Ocean Boots
33%
Golden Can't Stand the Rain
33%
Lady Antebellum Can't Take My Eyes Off You
33%
Single #2 Celebrate Me Home
33%
What a Song Can Do Chance of Rain
33%
On This Winter's Night Christmas (Baby Please Come Home)
33%
Own the Night Cold as Stone
33%
Ocean Crazy Love
33%
747 Damn You Seventeen
33%
747 Down South
33%
747 Falling for You
33%
Heart Break Famous
33%
What a Song Can Do Fire
33%
747 Freestyle
33%
What a Song Can Do Friends Don't Let Friends
33%
Golden Generation Away
33%
Golden Get to Me
33%
Golden Goodbye Town
33%
Heart Break Good Time to Be Alive
33%
Own the Night Heart of the World
33%
Ocean Heroes
33%
Heart Break Home
33%
Lady Antebellum Home Is Where the Heart Is
33%
Heart Break Hurt
33%
Need You Now If I Knew Then
33%
On This Winter's Night I'll Be Home for Christmas
33%
What a Song Can Do In Waves
33%
Golden It Ain't Pretty
33%
747 Just a Girl
33%
Ocean Let It Be Love
33%
A Merry Little Christmas Let It Snow, Let It Snow, Let It Snow
33%
747 Lie with Me
33%
Golden Life as We Know It
33%
Lady Antebellum Long Gone
33%
747 Long Stretch of Love
33%
Golden Long Teenage Goodbye
33%
Own the Night Love I've Found in You
33%
Lady Antebellum Love's Lookin' Good on You
33%
Need You Now Love This Pain
33%
Ocean Mansion
33%
Golden Nothin' Like the First Time
33%
Ocean On a Night Like This
33%
Lady Antebellum One Day You Will
33%
747 One Great Mystery
33%
Ocean Pictures
33%
Need You Now Ready to Love Again
33%
747 She Is
33%
On This Winter's Night Silent Night (Lord of My Life)
33%
Own the Night Singing Me Home
33%
Lady Antebellum Slow Down Sister
33%
747 Slow Rollin'
33%
Heart Break Somebody Else's Heart
33%
Need You Now Something 'Bout a Woman
33%
Own the Night Somewhere Love Remains
33%
747 Sounded Good at the Time
33%
Need You Now Stars Tonight
33%
What a Song Can Do Swore I Was Leaving
33%
What a Song Can Do Talk of This Town
33%
Heart Break Teenage Heart
33%
On This Winter's Night The First Noël
33%
Heart Break The Stars
33%
Ocean The Thing That Wrecks You
33%
What a Song Can Do Things He Handed Down
33%
Lady Antebellum Things People Say
33%
Heart Break Think About You
33%
On This Winter's Night This Christmas
33%
Heart Break This City
33%
Own the Night Wanted You More
33%
Ocean What I'm Leaving For
33%
Need You Now When You Got a Good Thing
33%
Own the Night When You Were Mine
33%
What a Song Can Do Where Would I Be
33%
What a Song Can Do Workin' on This Love
33%
What a Song Can Do Worship What I Hate
33%
Ocean You Can Do
33%
What a Song Can Do You Keep Thinking That
33%
The Best of Me: Original Motion Picture Soundtrack I Did with You
17%
AT&T Team USA Soundtrack I Was Here
17%
iTunes Session Learning to Fly
17%
A Merry Little Christmas Silver Bells
17%
Ocean Underwater
17%
Lady Antebellum Emily
0%
Dirty Dancing: Original Television Soundtrack Hey Baby
0%
The Shack: Music From and Inspired By the Original Motion Picture Lay Our Flowers Down
0%
Hands All Over Out of Goodbyes
0%
Gentle Giants: The Songs of Don Williams We've Got a Good Fire Goin'
0%
The 21 Project Where It All Began
0%
No matching quizzes found
Score Distribution
Percent of People with Each Score
Percentile by Number Answered
Your Score History
You have not taken this quiz since the last reset